Statistics for Bleach General Knowledge 2

Click here to take the quiz!

General Stats

  • This quiz has been taken 88 times
    (65 since last reset)
  • The average score is 10 of 13

Answer Stats

QuestionAnswer% Correct
What is the Espada?A group of the strongest arrancars
98%
What is the Gotei 13?Is a military branch of the soul society
97%
which one is a transformation for quincyLetzt Stil and Vollständig
95%
which one is a transformation for hollowsSegunda and Resurrección
95%
What is an arrancarA hollow who break their mask which allowed them to obtained shinigami like powers
93%
What is a sternritter?Elite Quincys
88%
Where do Quincy liveWanderiech
83%
when you become a menos grande for the first time what do you becomeGillian
78%
Can Adjuchas summon Gillian to fight for themYes
76%
Do Arrancars have a zanpakuto?Yes
71%
How was bounts created?They were accidentally created in the Soul Society during an experiment.
62%
Is a captain stronger than a vasto lordeno
57%
which is the most known ability of Bounts?They can eat souls which would allow them to live forever
29%

Score Distribution

Percentile by Number Answered

Percent of People with Each Score

Your Score History

You have not taken this quiz since the last reset